| 000 | 01009cam a22003615a 4500 | ||
|---|---|---|---|
| 001 | L159586 | ||
| 008 | 150226s2017 xxk f 000 0 eng d | ||
| 035 | _a(Sirsi) u159586 | ||
| 041 | 0 | _aeng | |
| 110 | 2 |
_aRoyal Institution of Chartered Surveyors _94900 |
|
| 245 | 0 | 0 |
_aConfidence _bRICS World Built Environment Forum _bvolume one - 2017 |
| 260 |
_aLondon _bRICS _c2017 |
||
| 505 | 2 | _aHow to lead a city | |
| 520 | _aCollection of RICS' published thinking on cities. | ||
| 590 | _aKA | ||
| 650 | 2 | 4 | _aCITIES |
| 650 | 2 | 4 | _aRISK MANAGEMENT |
| 650 | 2 | 4 |
_aFacilities management _96240 |
| 650 | 2 | 4 | _aRECONSTRUCTION |
| 650 | 2 | 4 | _aCITIES |
| 650 | 2 | 4 | _aURBAN TRANSPORT |
| 650 | 2 | 4 | _aFLOODING |
| 650 | 2 | 4 | _aWATER SUPPLY |
| 650 | 2 | 4 | _aCLIMATE CHANGE |
| 650 | 2 | 4 | _aCARBON EMISSIONS |
| 650 | 2 | 4 |
_aINFRASTRUCTURE _96246 |
| 650 | 2 | 4 | _aURBANISATION |
| 650 | 2 | 4 | _aPUBLIC SPACE |
| 651 | 4 | _aInternational | |
| 690 |
_aInvestments _96250 |
||
| 690 |
_aCommercial property _96227 |
||
| 942 |
_n0 _2ddc |
||
| 999 |
_c116023 _d116023 |
||